01263nam a2200277 a 4500001001000000003000900010005001700019008003300036020001800069040002500087082003400112100003200146245006100178260007100239300002700310500007400337505019500411590002500606650006200631650006800693650003400761910002300795942001200818952013800830999001700968000047449DO-SdBNP20221004093439.0180530s2016 dr a 000 spa d a9789945588835 aDO-SdBNPbspacBPMSU a370.97293697 bH557e 20162221 aHernández, Alfredo Rafael13aLa educación en la Vega /bAlfredo Rafael Hernández. aSanto Domingo :bDirección General de la Feria del Libro,c2016. a338 p. :bil ;c23 cm. 3Incluye referencias bibliográficas y notas al pie de las páginas 0 aLa educación en la Vega es un ensayo enjundioso resultado de las prolongadas investigaciones que su autor se ha mantenido realizando en el Archivo General de la Nación por varios años. aInventariado,2022/VM 4aEducación zLa Vega (República Dominicana)xHistoria  4aEscuelas normales zLa Vega (República Dominicana)xHistoria  4aEducaciónxInvestigaciones. aVMateo V./Validado 2ddccBK 00102ddc40708CDaBPMETbBPMETd2017-10-20eFERILIBROoBPMSU CD 370.97293697 H557e 2016pBPMSU17100110r2017-10-20w2017-10-20yBK c12664d12664